书目信息 |
| 题名: |
命运之痒
|
|
| 作者: | 瓦恩加德 著 ;王宇涵 译 | |
| 分册: | ||
| 出版信息: | 北京 中信出版集团 2022.01 |
|
| 页数: | 479页 | |
| 开本: | 23cm | |
| 丛书名: | ||
| 单 册: | ||
| 中图分类: | Q969.44 , K1 | |
| 科图分类: | ||
| 主题词: | 蚊--wen--关系--世界史 | |
| 电子资源: | ||
| ISBN: | 978-7-5217-3505-5 | |
| 000 | 01519nam0 2200301 450 | |
| 001 | 2269829693 | |
| 005 | 20220914192420.41 | |
| 010 | @a978-7-5217-3505-5@dCNY72.00 | |
| 100 | @a20211213d2022 em y0chiy50 ea | |
| 101 | 1 | @achi@ceng |
| 102 | @aCN@b110000 | |
| 105 | @aa a 000yy | |
| 200 | 1 | @a命运之痒@Aming yun zhi yang@e蚊子如何塑造人类历史@f(加) 蒂莫西·C.瓦恩加德著@d= The mosquito@ea human history of our deadliest predator@fTimothy C. Winegard@g王宇涵译@zeng |
| 210 | @a北京@c中信出版集团@d2022.01 | |
| 215 | @a479页@c图@d23cm | |
| 300 | @a漫游者 | |
| 314 | @a蒂莫西·C.瓦恩加德 (Timothy C.Winegard) 军事历史学家, 牛津大学历史学博士, 现任科罗拉多州梅萨大学历史与政治学教授兼学校冰球队主教练。王宇涵, 英语翻译硕士, CATTI证书 (二级口译&笔译) 持证人, 在非洲、大洋洲等热带地区国家任驻外翻译数年, 曾深入探究热带地区的蚊媒传染病历史。 | |
| 320 | @a有书目 (第461-479页) | |
| 330 | @a本书为人类历史提供了一个戏剧性的新视角, 讲述了蚊子在人类历史上的统治, 你将按照年代顺序, 踏上一段饱受蚊子之苦的旅程。蚊子因其传播毒性强且进化程度高的病毒, 决定了国家的命运, 改变了关键战争的结果, 影响了宗教和经济的发展。 | |
| 500 | 10 | @aMosquito : a human history of our deadliest predator@mChinese |
| 517 | 1 | @a蚊子如何塑造人类历史@Awen zi ru he su zao ren lei li shi |
| 606 | 0 | @a蚊@Awen@x关系@x世界史 |
| 690 | @aQ969.44@v5 | |
| 690 | @aK1@v5 | |
| 701 | 1 | @a瓦恩加德@Awa en jia de@g(Winegard, Timothy C.)@4著 |
| 702 | 0 | @a王宇涵@Awang yu han@4译 |
| 801 | 0 | @aCN@b人天书店@c20211213 |
| 905 | @aZUCC@dQ969.44@e1 | |
| 命运之痒:蚊子如何塑造人类历史/(加) 蒂莫西·C.瓦恩加德著= The mosquito:a human history of our deadliest predator/Timothy C. Winegard/王宇涵译.-北京:中信出版集团,2022.01 |
| 479页:图;23cm |
| 漫游者 |
| ISBN 978-7-5217-3505-5:CNY72.00 |
| 本书为人类历史提供了一个戏剧性的新视角, 讲述了蚊子在人类历史上的统治, 你将按照年代顺序, 踏上一段饱受蚊子之苦的旅程。蚊子因其传播毒性强且进化程度高的病毒, 决定了国家的命运, 改变了关键战争的结果, 影响了宗教和经济的发展。 |
| ● |
| 相关链接 |
|
|
|
正题名:命运之痒
索取号:Q969.44/1
 
预约/预借
| 序号 | 登录号 | 条形码 | 馆藏地/架位号 | 状态 | 备注 |
| 1 | 2000893305 | 2000893305 | 第三书库/ [索取号:Q969.44/1] | 在馆 | |
| 2 | 2000893306 | 2000893306 | 第三书库/ [索取号:Q969.44/1] | 在馆 | |
| 3 | 2000893307 | 2000893307 | 第三书库/ [索取号:Q969.44/1] | 在馆 |